| 000 | 00403cam a2200157ua 4500 | ||
|---|---|---|---|
| 020 | _c1.50 | ||
| 041 |
_amal _h |
||
| 082 |
_a500 _bNAR/PU |
||
| 100 | _aNarendra Nath, Konniyur . | ||
| 245 |
_aPuthiya chakravalangal / _cKonniyur Narendra Nath. _hTextual Documents |
||
| 260 |
_aThrissur : _bCurrent Books , _c1962. |
||
| 300 | _a102 ; . | ||
| 365 | _a1.50 | ||
| 942 | _cBK | ||
| 999 |
_c5973 _d5973 |
||